000 01018nmm a2200301 a 4500
001 ocm0001520757
003 TR-IsHL
005 20201028163052.0
008 170206s2013 tu tur
007 cr cn
035 _a1520757
_b(N$T)
050 0 4 _aBP166.2
_b.A45 2013
090 0 4 _aBP166.2
_b.A45 2013
245 1 0 _aAllah'ın (C.C.) güzel isimleri: esma'ül hüsna anlamı ve fazileti
_h[electronic resource] /
_chazırlayan Abdülcelil Onat
260 _aİstanbul :
_bMercan Kitap,
_c2013
300 _a161 p.
650 4 _aFelsefe, Psikoloji ve Din
650 4 _aPhilosophy, Psychology and Religion
650 0 _aAllah (İslam)
650 0 _aGod (Islam)
650 0 _aAllah (İslam)
_x Nitelik
650 0 _aGod (Islam)
_x Attributes
650 0 _aEsmaü'l-hüsna
650 0 _aGod (Islam)
_x Name
650 7 _aRELIGION / Islam / General
_2bisacsh
700 1 _aOnat, Abdülcelil
856 4 0 _uhttp://search.ebscohost.com/login.aspx?direct=true&scope=site&db=e011xww&AN=1520757
999 _c15146
_d15146